[Event "DEN-ch G7 Gr-2"]
[Site "Svendborg"]
[Date "2022.04.12"]
[Round "1"]
[White "Bogo, Mathias"]
[Black "Desoye, Gernot"]
[Result "0-1"]
[WhiteElo "1596"]
[BlackElo "1794"]
[PlyCount "74"]
[EventDate "2022.04.12"]
[EventType "swiss"]
[EventRounds "7"]
[EventCountry "DEN"]
[SourceTitle "EXT 2024"]
[Source "ChessBase"]
[SourceDate "2023.10.10"]
[SourceVersion "1"]
[SourceVersionDate "2023.10.10"]
[SourceQuality "1"]

1. e4 c5 2. c3 d5 3. exd5 Nf6 4. d4 Nxd5 5. Nf3 e6 6. Bb5+ Bd7 7. Bxd7+ Nxd7 8. Qd3 cxd4 9. cxd4 Be7 10. Nc3 N7f6 11. 0-0 0-0 12. Bd2 a6 13. a4 Qd6 14. Rac1 Rac8 15. Rfe1 Rc7 16. Ng5 Nf4 17. Qe3 Ng6 18. Nge4 Qd7 19. Red1 Rd8 20. Be1 Qc8 21. Bd2 Qb8 22. f3 Rcd7 23. Be1 b5 24. axb5 axb5 25. Bf2 Nf4 26. Ne2 N4d5 27. Nxf6+ Bxf6 28. Qe4 b4 29. Bg3 Qb6 30. Be5 Bxe5 31. Qxe5 Qd6 32. Kf2 f6 33. Qg3 Qb6 34. Rc5 e5 35. Rdc1 exd4 36. Nxd4 Rc7 37. Nb3 Rdc8 0-1

[Event "DEN-ch G7-3"]
[Site "Skorping"]
[Date "2017.04.12"]
[Round "2"]
[White "Tolba, Henri"]
[Black "Bogo, Mathias"]
[Result "1/2-1/2"]
[WhiteElo "1679"]
[BlackElo "1465"]
[PlyCount "97"]
[EventDate "2017.04.11"]
[EventType "swiss"]
[EventRounds "7"]
[EventCountry "DEN"]
[SourceTitle "EXT 2023"]
[Source "ChessBase"]
[SourceDate "2022.10.05"]
[SourceVersion "1"]
[SourceVersionDate "2022.10.05"]
[SourceQuality "1"]

1. c4 e5 2. Nc3 Nf6 3. g3 Nc6 4. Bg2 Bc5 5. e3 Qe7 6. a3 a6 7. b4 Ba7 8. Bb2 d6 9. Nd5 Nxd5 10. cxd5 Nb8 11. Ne2 0-0 12. Rc1 Nd7 13. Rxc7 Bb6 14. Rc4 Nf6 15. 0-0 Bd7 16. Rc1 Rfe8 17. e4 Bg4 18. h3 Bd7 19. Kh2 a5 20. Bc3 axb4 21. Bxb4 Ba4 22. Qe1 Nd7 23. Nc3 Nc5 24. Qe2 Bd7 25. Rb1 Rec8 26. Rfc1 f5 27. f3 Na6 28. Nb5 Nxb4 29. Rxc8+ Rxc8 30. axb4 Bxb5 31. Qxb5 Bd4 32. exf5 Rf8 33. Qd3 Qf7 34. f4 Qxf5 35. Be4 Qh5 36. f5 Rf6 37. Rf1 Qf7 38. Kg2 g6 39. g4 g5 40. Rc1 Kg7 41. Rc8 Qe7 42. Qc4 Rf7 43. Qb5 Kf6 44. Qc4 Qd7 45. Bc2 Bb6 46. Ra8 Qc7 47. Rc8 Qxc4 48. Rxc4 Rc7 49. Rxc7 1/2-1/2